000 00178nam a22000857a 4500
003 SGT
245 _aJOURNAL OF PHYSIOLOGY
260 _aUK
_bWIELY BLACKWELL L
_c2009
942 _2ddc
_cBV
999 _c24341
_d24341